Cuentos de Silvio Girón Gaviria (Registro nro. 15112)
[ vista simple ]
| 000 - LÍDER | |
|---|---|
| campo de control de longitud fija | 00823nam a22002297i 4500 |
| 005 - FECHA Y HORA DE LA ÚLTIMA TRANSACCIÓN | |
| campo de control | 20210818182233.0 |
| 008 - ELEMENTOS DE DATOS DE LONGITUD FIJA - INFORMACIÓN GENERAL | |
| campo de control de longitud fija | 190524s2018 ck gr 000 j spa d |
| 020 ## - INTERNATIONAL STANDARD BOOK NUMBER | |
| International Standard Book Number | 9789585200944 |
| 040 ## - FUENTE DE CATALOGACIÓN | |
| Agencia de catalogación original | COMFC |
| Lenguaje de catalogación | spa |
| Descripción convenciones | rda |
| 082 04 - NÚMERO DE CLASIFICACIÓN DECIMAL DEWEY | |
| Número de clasificación | 863 |
| Número de artículo | G527c |
| 100 1# - ENTRADA PRINCIPAL - NOMBRE PERSONAL | |
| 9 (RLIN) | 54587 |
| Nombre de la persona | Girón Gaviria, Silvio |
| Término del Relator | aut |
| 245 10 - TÍTULO DECLARACIÓN | |
| Título | Cuentos de Silvio Girón Gaviria |
| Declaración de responsabilidad | Silvio Girón Gaviria |
| 264 01 - AVISO DE PRODUCCIÓN, PUBLICACIÓN, DISTRIBUCIÓN, FABRICACIÓN Y DERECHOS DE AUTOR | |
| Lugar de producción | Pereira |
| Nombre del productor | Secretaría de Cultura de Pereira |
| Fecha de producción | 2018 |
| 300 ## - DESCRIPCIÓN FÍSICA | |
| Alcance | 71 páginas |
| Dimensiones | 13 cm |
| 336 ## - TIPO DE CONTENIDO | |
| Fuente | rdacontent |
| Tipo de contenido | txt |
| 337 ## - TIPO DE MEDIO | |
| Fuente | rdamedia |
| Término del tipo de medio | n |
| 338 ## - TIPO DE PORTADOR | |
| Fuente | rdacarrier |
| Término del tipo de operador | nc |
| 490 ## - DECLARACIÓN EN SERIE | |
| Estado de cuenta de la serie | La Chambrana. Colección Literaria |
| -- | 52520 |
| 650 #0 - ENTRADA DE SUJETO AÑADIDO - TÉRMINO TÓPICO | |
| 9 (RLIN) | 10633 |
| Término tópico o elemento de entrada del nombre geográfico | Cuentos Colombianos |
| Subdivisión cronológica | Siglo XX |
| 830 ## - ENTRADA AGREGADA EN SERIE - TÍTULO UNIFORME | |
| 9 (RLIN) | 54297 |
| Título uniforme | Depósito Legal - Sala de Patrimonio Bibliográfico y Documental de Risaralda |
| 942 ## - ELEMENTOS DE ENTRADA AGREGADOS (KOHA) | |
| Fuente de clasificación o esquema de estanterías | Dewey Decimal Classification |
| Parte de clasificación | 863 G527c |
| Prefijo del número de llamada | 863 |
| Sufijo del número de llamada | G527c |
| Estado de retirada | Pérdida de estatus | Fuente de clasificación o esquema de estanterías | Estado dañado | No para préstamo | Código de recogida | Ubicación permanente | Ubicación actual | Ubicación de las estanterías | Fecha de adquisición | Total de Cajas | Número Topográfico | Código de barras | Precio efectivo desde | Número de copia | Fecha de la última vez que se vio | Tipo de artículo Koha |
|---|---|---|---|---|---|---|---|---|---|---|---|---|---|---|---|---|
| Dewey Decimal Classification | General | Sala de Patrimonio Bibliográfico y Documental - Biblioteca Departamental | Sala de Patrimonio Bibliográfico y Documental - Biblioteca Departamental | Área General | 24/05/2019 | 863 G527c | 2353 | 24/05/2019 | Ej. 1 | 24/05/2019 | Libro |